| 000 | 01380cam a2200325 a 4500 | ||
|---|---|---|---|
| 999 |
_c234352 _d234352 |
||
| 001 | 13715022 | ||
| 003 | Nust | ||
| 005 | 20170319165415.0 | ||
| 008 | 040910s2005 nyu 000 1 eng | ||
| 010 | _a 2004057299 | ||
| 020 | _a9780749936310 | ||
| 040 |
_aDLC _cDLC _dDLC |
||
| 050 | 0 | 0 |
_aPS3561.R44 _bL535 2005 |
| 082 | 0 | 0 |
_a813.54 _bQUI |
| 100 | 1 | _aQuick, Amanda. | |
| 245 | 1 | 0 |
_aLie by moonlight / _cAmanda Quick. |
| 260 |
_aNew York : _bG.P. Putnam's Sons, _c2005. |
||
| 300 |
_a385 p. ; _c24 cm. |
||
| 650 | 0 |
_aOrganized crime _vFiction. |
|
| 650 | 0 |
_aWomen teachers _vFiction. |
|
| 650 | 0 |
_aOrphans _vFiction. |
|
| 650 | 0 |
_aCastles _vFiction. |
|
| 651 | 0 |
_aEngland _vFiction. |
|
| 655 | 7 |
_aHistorical fiction. _2gsafd |
|
| 655 | 7 |
_aRomantic suspense fiction. _2gsafd |
|
| 856 | 4 | 2 |
_3Contributor biographical information _uhttp://www.loc.gov/catdir/enhancements/fy0717/2004057299-b.html |
| 856 | 4 | 2 |
_3Publisher description _uhttp://www.loc.gov/catdir/enhancements/fy0717/2004057299-d.html |
| 906 |
_a7 _bcbc _corignew _d1 _eocip _f20 _gy-gencatlg |
||
| 942 |
_2ddc _cBK |
||